LIBRARY ONLINE CATALOGUE

Introduction to JAVA programming : (Record no. 11257)

MARC details
000 -LEADER
fixed length control field 00625cam a22002052 4500
001 - CONTROL NUMBER
control field 0000019580
005 - DATE AND TIME OF LATEST TRANSACTION
control field 20151217154434.0
008 - FIXED-LENGTH DATA ELEMENTS--GENERAL INFORMATION
fixed length control field 110111s xx 000 0 eng d
020 ## - INTERNATIONAL STANDARD BOOK NUMBER
International Standard Book Number 0132472753
040 ## - CATALOGING SOURCE
Original cataloging agency KABU
Transcribing agency KABU
100 1# - MAIN ENTRY--PERSONAL NAME
Personal name Liang, Y. Daniel.
-- 0000179348
245 10 - TITLE STATEMENT
Title Introduction to JAVA programming :
Remainder of title comprehensive version /
Statement of responsibility, etc. Y. Daniel Liang.
250 ## - EDITION STATEMENT
Edition statement 8th ed.
260 ## - PUBLICATION, DISTRIBUTION, ETC. (IMPRINT)
Place of publication, distribution, etc. Boston :
Name of publisher, distributor, etc. Pearson,
Date of publication, distribution, etc. 2011.
300 ## - PHYSICAL DESCRIPTION
Extent 1366 p.
650 #0 - SUBJECT ADDED ENTRY--TOPICAL TERM
Topical term or geographic name as entry element Java (Computer programme language)
-- 0000154508
852 1# - LOCATION
-- p2560 KES
908 ## - PUT COMMAND PARAMETER (RLIN)
Put command parameter 110111
950 ## - LOCAL HOLDINGS (RLIN)
-- 1
Holdings
Withdrawn status Lost status Source of classification or shelving scheme Not for loan Home library Current library Date acquired Total Checkouts Total Renewals Full call number Barcode Date last seen Date last checked out Price effective from Koha item type
    Library of Congress Classification   Kabarak, Main Campus Kabarak, Main Campus 17/12/2015 16 1 QA76.73 .J38L53 2011 c. 1 22972 05/07/2024 19/06/2024 17/12/2015 General Collection